Seminar on transformation groups /
Guardado en:
| Autor Principal: | |
|---|---|
| Formato: | Libro |
| Idioma: | English |
| Publicado: |
Princeton, N.J. :
Princeton University Press,
1960.
|
| Series: | Annals of mathematics studies ;
no. 46 |
| Materias: | |
| Etiquetas: |
Agregar Etiqueta
Sin Etiquetas, Sea el primero en etiquetar este registro!
|
| LEADER | 00843cam a22002291a 4500 | ||
|---|---|---|---|
| 001 | MAT.inmabb006119 | ||
| 008 | 840131s1960####njua#####b####000#0#eng## | ||
| 005 | 20170622164926.0 | ||
| 245 | 1 | 0 | |a Seminar on transformation groups / |c With contributions by G. Bredon ... [et al.]. |
| 260 | |a Princeton, N.J. : |b Princeton University Press, |c 1960. | ||
| 300 | |a 245 p. : |b diagrs. ; |c 26 cm. | ||
| 440 | 0 | |a Annals of mathematics studies ; |v no. 46 | |
| 500 | |a "Consists of the notes of a seminar held at the Institute for Advanced Study, in 1958-1959." | ||
| 504 | |a Incluye referencias bibliográficas. | ||
| 510 | 4 | |a MR, |c 22 #7129 | |
| 100 | 1 | |a Borel, Armand. | |
| 084 | |a 55.00 |2 MR | ||
| 650 | 0 | |a Algebraic topology. | |
| 650 | 0 | |a Transformation groups. | |
| 010 | |a 60012225 | ||
| 040 | |a DLC/ICU |c ICU |d DLC | ||
| 859 | |h 55 |i Se471 |p A-5486 |b BIB. MATEMATICA | ||
